El Salvador: ante un creciente clima insurreccional
Sparad:
| Materialtyp: | Bok |
|---|---|
| Språk: | Spanish |
| Ämnen: | |
| Taggar: |
Lägg till en tagg
Inga taggar, Lägg till första taggen!
|
MARC
| LEADER | 00000nam a22000007a 4500 | ||
|---|---|---|---|
| 003 | cru CIDCACS/IIS | ||
| 005 | 20191115115311.0 | ||
| 008 | 191115b ||||| |||| 00| 0 spa d | ||
| 999 | |c 42605 |d 42605 | ||
| 040 | |c cru CIDCACS/IIS | ||
| 245 | 0 | 3 | |a El Salvador: |b ante un creciente clima insurreccional |
| 300 | |a páginas 73-77 | ||
| 650 | 4 | |9 1934 |a MILITARISMO | |
| 650 | 0 | |9 3691 |a POLITICA | |
| 650 | 0 | |9 38 |a DERECHOS HUMANOS | |
| 650 | 0 | |9 133 |a VIOLENCIA | |
| 650 | 0 | |9 143 |a ECONOMIA | |
| 651 | 4 | |9 1928 |a EL SALVADOR | |
| 773 | 0 | |0 42391 |9 3801 |a Agencia Latinoamericana de Información, ALAI |d Quito, Ecuador: ALAI |o 03801 |t ALAI: |x 08275564 (Servicio mensual de información y documentación) | |
| 942 | |2 ddc |c PP | ||
